MARC

LEADER 00000naa0a2200000 4500
001 655627
005 20250321163843.0
035 |a (RuTPU)RU\TPU\network\21886 
090 |a 655627 
100 |a 20170919d2017 k||y0rusy50 ba 
101 0 |a eng 
135 |a drgn ---uucaa 
181 0 |a i  
182 0 |a b 
200 1 |a Methodical approaches to analysis and evaluation of domestic tourism development in Russia  |f I. P. Kulgachev [et al.] 
203 |a Text  |c electronic 
300 |a Title screen 
461 |t Modern Journal of Language Teaching Methods 
463 |t Vol. 7, iss. 3  |v [P. 419-428.]  |d 2017 
610 1 |a электронный ресурс 
610 1 |a труды учёных ТПУ 
610 1 |a внутренний туризм 
610 1 |a Россия 
701 1 |a Kulgachev  |b I. P. 
701 1 |a Zaitseva  |b N. A.  |g Natalia Aleksandrovna 
701 1 |a Yumatov  |b K. V.  |g Konstantin Vladimirovich 
701 1 |a Kiryanova  |b L. G.  |c philosopher  |c Associate Professor of Tomsk Polytechnic University, candidate of philosophical sciences  |f 1982-  |g Liliya Gennadievna  |3 (RuTPU)RU\TPU\pers\37063 
712 0 2 |a Национальный исследовательский Томский политехнический университет (ТПУ)  |b Институт социально-гуманитарных технологий (ИСГТ)  |b Кафедра инженерного предпринимательства (ИП)  |3 (RuTPU)RU\TPU\col\18857 
801 2 |a RU  |b 63413507  |c 20170919  |g RCR 
856 4 |u http://mjltm.org/en/downloadpaper.php?pid=277%20&%20p=A 
942 |c CF